人口が100万人以下の国(Sudden death) - Statistics

General Stats
  • This quiz has been taken 319 times
  • The average score is 4 of 16
Answers on the Grid
Answers color-coded by a green-red scale on the quiz's grid according to % correct below.
ジブチ
スリナム
ルクセンブルク
エストニア
東ティモール
コモロ
ブータン
スロベニア
キプロス
フィジー
モンテネグロ
ジャマイカ
カーボベルデ
ベリーズ
バヌアツ
トリニダード・トバゴ
トンガ
キプロス
ラトビア
アンティグア・バーブーダ
グレナダ
モルドバ
モンゴル
シンガポール
ガイアナ
マルタ
モルディブ
アイスランド
ハイチ
アイルランド
 
Answer Stats
Answer % Correct
ルクセンブルク
44%
トンガ
42%
コモロ
38%
バヌアツ
33%
マルタ
32%
アンティグア・バーブーダ
30%
モルディブ
30%
フィジー
26%
アイスランド
26%
グレナダ
25%
カーボベルデ
18%
スリナム
17%
ブータン
17%
ベリーズ
17%
モンテネグロ
9%
ガイアナ
7%
No matching quizzes found
Score Distribution
Percent of People with Each Score
Percentile by Number Answered
Your Score History
You have not taken this quiz